000 01485nam a2200349 i 4500
003 EG-GICUC
005 20260206052240.0
008 260111s1997 ua |||fr|||| 00| 0 ara d
017 _a13558/1996
020 _a9770405418
040 _a EG-GICUC
_bara
_c EG-GICUC
_d EG-GICUC
_erda
041 0 _aAra
082 0 4 _221
_a343.11228
_b أ ب . ح
092 0 4 _221
099 _aLaw1 10 343.11228 أ ب . ح 1997
100 0 _aأبو الوفا محمد أبو الوفا إبراهيم
_eمؤلف.
245 1 2 _aالحماية الجنائية للدائنين ضد غش المدين بتعمد الإعسار للإضرار بدائنيه :
_bدراسة مقارنة فى الفقه الإسلامى والقانون الوضعى /
_cتأليف الدكتور أبو الوفا محمد أبو الوفا إبراهيم.
250 _aالطبعة الأولى
264 1 _aالقاهرة :
_bدار النهضة العربية،
_c1997.
300 _a175 صفحة؛
_c24 سم.
336 _2rda content
_atext
337 _2rda media
_aComputer
338 _2rda carrier
_aOnline Resource
504 _aببليوجرافيا: صفحات156-167.
546 _aالنص باللغة العربية
650 1 _aالحماية الجنائية لمصالح اخرى
_2qrmak
650 1 _aالقانون الجنائى
_2qrmak
651 1 _2qrmak
856 4 0 _uhttps://fll.law.cu.edu.eg/fulltext/bks/B10-07825.pdf
905 _a54
_eYara
942 _2ddc
_cBK
_e21
_n0
999 _c56360
_d56360